[Event "Nova Scotia - New Brunswick m"]
[Site "Halifax CAN"]
[Date "1997.05.18"]
[Round "3"]
[White "Howarth, Anthony"]
[Black "Pentz, Brian"]
[Result "1-0"]
[WhiteElo "2256"]
[BlackElo "2060"]
[PlyCount "69"]
[GameId "2160767911965836"]
[EventDate "1997.05.17"]
[EventType "team"]
[EventRounds "5"]
[EventCountry "CAN"]

1. g3 Nf6 2. Bg2 e5 3. d3 d5 4. c4 c6 5. Qa4 Nbd7 6. cxd5 Nc5 7. Qc2 cxd5 8. Nd2 Bd7 9. Ngf3 e4 10. Ne5 exd3 11. exd3 Bf5 12. O-O Bd6 13. Ndf3 O-O 14. Nd4 Qc8 15. Rd1 Bh3 16. Nef3 Bxg2 17. Kxg2 Ne6 18. Qb3 Nxd4 19. Nxd4 Qg4 20. Be3 Bc5 21. h3 Qd7 22. Rac1 Rac8 23. Rc3 Bb6 24. Rdc1 Rxc3 25. bxc3 Rc8 26. Qb5 Qd8 27. Qb4 h6 28. Nf5 Ba5 29. Qd4 Qd7 30. Nxh6+ Kf8 31. Qxa7 Bxc3 32. Qa3+ Qe7 33. Rxc3 Rxc3 34. Qxc3 gxh6 35. Bc5 1-0

[Event "Nova Scotia - New Brunswick m"]
[Site "Halifax CAN"]
[Date "1997.05.18"]
[Round "3"]
[White "Papenhausen, Richard"]
[Black "Urquhart, Eddie"]
[Result "0-1"]
[WhiteElo "2014"]
[BlackElo "2214"]
[PlyCount "110"]
[GameId "2160767911965837"]
[EventDate "1997.05.17"]
[EventType "team"]
[EventRounds "5"]
[EventCountry "CAN"]

1. d4 Nf6 2. c4 g6 3. Nc3 d5 4. cxd5 Nxd5 5. e4 Nxc3 6. bxc3 Bg7 7. Bc4 c5 8. Be3 O-O 9. Ne2 Nc6 10. O-O cxd4 11. cxd4 Na5 12. Bd3 b6 13. Rc1 Bb7 14. Qa4 e6 15. Rc2 Rc8 16. Rfc1 Rxc2 17. Rxc2 Qh4 18. Ng3 f5 19. exf5 exf5 20. f4 Qd8 21. Bc4+ Kh8 22. Bf1 Qd6 23. a3 Rd8 24. Ne2 Ba6 25. Qb4 Qd7 26. d5 Qxd5 27. Rd2 Qa8 28. Bd4 Bxd4+ 29. Rxd4 Rxd4 30. Qxd4+ Kg8 31. Nc3 Bxf1 32. Kxf1 Qc6 33. Qd8+ Kf7 34. Nd5 Qe6 35. Qc7+ Kf8 36. Qd8+ Kg7 37. Qc7+ Kh6 38. Qd8 Qf7 39. Qg5+ Kg7 40. Qd8 Nb7 41. Qe7 Qxe7 42. Nxe7 Nd6 43. Ke2 Kf7 44. Nc6 Nc8 45. Kd3 Ke6 46. Kd4 Kd6 47. Ne5 Ne7 48. Nc4+ Ke6 49. Ne5 a6 50. a4 Nd5 51. Nd3 Kd6 52. g3 Nc7 53. Nb4 b5 54. axb5 axb5 55. Kc3 Nd5+ 0-1

[Event "Nova Scotia - New Brunswick m"]
[Site "Halifax CAN"]
[Date "1997.05.19"]
[Round "4"]
[White "Mayo, Alvah"]
[Black "Papenhausen, Richard"]
[Result "1-0"]
[WhiteElo "1889"]
[BlackElo "2014"]
[PlyCount "97"]
[GameId "2160767911965838"]
[EventDate "1997.05.17"]
[EventType "team"]
[EventRounds "5"]
[EventCountry "CAN"]

1. e4 c5 2. Nc3 g6 3. f4 Bg7 4. Nf3 Nc6 5. Bb5 e6 6. Bxc6 bxc6 7. d3 Ne7 8. O-O d5 9. e5 Nf5 10. Na4 Bf8 11. b3 Ba6 12. c4 Qa5 13. Qe1 Qb4 14. Bd2 Qb7 15. Qf2 Nd4 16. Bc3 Nxf3+ 17. Qxf3 Qe7 18. Bb2 Qc7 19. Qf2 d4 20. Ba3 Qa5 21. Qe1 Qxe1 22. Raxe1 Bc8 23. Bxc5 Bxc5 24. Nxc5 O-O 25. Re4 Rd8 26. Na4 a5 27. Rc1 Ba6 28. Nc5 Bc8 29. Re2 Kg7 30. g4 h6 31. h4 Ra7 32. g5 h5 33. Kf2 Bd7 34. Kf3 Rc7 35. Ke4 Be8 36. Rb2 Rcc8 37. Rcb1 Rb8 38. Kf3 Rb6 39. Ke2 Bd7 40. Kd2 Bc8 41. b4 axb4 42. Rxb4 Rxb4 43. Rxb4 Kf8 44. Rb8 Ke8 45. a4 Bd7 46. Rxd8+ Kxd8 47. a5 Bc8 48. Ke2 Kc7 49. Kf3 1-0

[Event "Nova Scotia - New Brunswick m"]
[Site "Halifax CAN"]
[Date "1997.05.19"]
[Round "4"]
[White "Pentz, Brian"]
[Black "Buckley, Bill"]
[Result "1/2-1/2"]
[WhiteElo "2060"]
[BlackElo "1986"]
[PlyCount "133"]
[GameId "2160767911965839"]
[EventDate "1997.05.17"]
[EventType "team"]
[EventRounds "5"]
[EventCountry "CAN"]

1. g3 c5 2. Bg2 Nf6 3. d3 g6 4. e4 d6 5. Nf3 Bg7 6. O-O O-O 7. Re1 e5 8. a4 Bd7 9. Nbd2 Nc6 10. Nc4 Qc7 11. Bd2 Rfb8 12. Qc1 b5 13. axb5 Rxb5 14. b3 a5 15. Ra4 Nb4 16. Qb2 Rbb8 17. Ra3 a4 18. Rea1 Bc6 19. Bc3 Nd7 20. Nfd2 axb3 21. Rxa8 Bxa8 22. Nxb3 Nb6 23. Ne3 Bc6 24. Na5 Na4 25. Qb3 Qxa5 26. Nd5 Kf8 27. Nxb4 cxb4 28. Bd2 Qb5 29. Bf1 Nc3 30. Ra7 Rb7 31. Ra8+ Ke7 32. Bg5+ Bf6 33. Bh6 Rb8 34. Ra7+ Bb7 35. Bd2 Nxe4 36. dxe4 Qc6 37. Qxb4 Kd8 38. Bb5 Qc5 39. Qa5+ Kc8 40. c4 Bd8 41. Qa4 Qc7 42. Bb4 Qe7 43. c5 dxc5 44. Ba5 Bxa5 45. Qxa5 Qd8 46. Qa4 Qd4 47. Qc2 Ra8 48. Rxa8+ Bxa8 49. Ba6+ Kc7 50. Bd3 Bc6 51. Kg2 f5 52. f3 fxe4 53. fxe4 Kd6 54. Kf3 h6 55. h4 h5 56. Qb1 Qb4 57. Qc1 Bd7 58. Bc4 Be6 59. Qd1+ Ke7 60. Bxe6 Qc3+ 61. Kg2 Kxe6 62. Qd5+ Ke7 63. Qb7+ Kd6 64. Qd5+ Kc7 65. Qf7+ Kb6 66. Qxg6+ Kb5 67. Qe8+ 1/2-1/2

[Event "Nova Scotia - New Brunswick m"]
[Site "Halifax CAN"]
[Date "1997.05.19"]
[Round "4"]
[White "Urquhart, Eddie"]
[Black "Breau, Robert"]
[Result "1/2-1/2"]
[WhiteElo "2214"]
[BlackElo "2110"]
[PlyCount "122"]
[GameId "2160767911965840"]
[EventDate "1997.05.17"]
[EventType "team"]
[EventRounds "5"]
[EventCountry "CAN"]

1. e4 d6 2. d4 Nf6 3. Nc3 c6 4. Bg5 Nbd7 5. Qd2 h6 6. Bh4 Qa5 7. f4 e5 8. Nf3 Be7 9. Bg3 exd4 10. Nxd4 Nc5 11. Bd3 Qb6 12. O-O-O Nh5 13. Bc4 Nxg3 14. hxg3 Bg4 15. Rde1 O-O 16. Kb1 Qc7 17. Be2 Bxe2 18. Qxe2 Bf6 19. e5 dxe5 20. Nf5 Rfe8 21. Qg4 Kf8 22. fxe5 Rxe5 23. Ref1 Rae8 24. Qf3 Bg5 25. Qf2 b6 26. Qd4 Nb7 27. Ne4 c5 28. Qc3 Rxf5 29. Rxf5 Rxe4 30. Qf3 Qe7 31. Rxf7+ Qxf7 32. Qxe4 Nd6 33. Qa8+ Ne8 34. a3 Qf2 35. Rd1 Qxg3 36. Qxa7 Qc7 37. Qa8 Bf6 38. Re1 Qd8 39. Qc6 Be7 40. a4 Nf6 41. Rf1 Qd6 42. Qf3 Kg8 43. Rd1 Qe6 44. Qg3 Qc6 45. Qe5 Kf7 46. Re1 Qd6 47. Qe2 g5 48. Rh1 Bf8 49. Rd1 Qc6 50. Qc4+ Kg7 51. Qa6 Bd6 52. Re1 h5 53. a5 Nd7 54. Rd1 Bc7 55. Qc8 Nf6 56. a6 Nd5 57. a7 Nc3+ 58. bxc3 Qb5+ 59. Kc1 Bf4+ 60. Rd2 Qf1+ 61. Kb2 Qb5+ 1/2-1/2

[Event "Nova Scotia - New Brunswick m"]
[Site "Halifax CAN"]
[Date "1997.05.19"]
[Round "5"]
[White "Charlton, Glenn"]
[Black "Buckley, Bill"]
[Result "1/2-1/2"]
[WhiteElo "2110"]
[BlackElo "1986"]
[PlyCount "41"]
[GameId "2160767911965841"]
[EventDate "1997.05.17"]
[EventType "team"]
[EventRounds "5"]
[EventCountry "CAN"]

1. e4 c5 2. Nc3 d6 3. f4 g6 4. Nf3 Bg7 5. Bb5+ Bd7 6. Bxd7+ Qxd7 7. O-O Nc6 8. d3 f5 9. Bd2 Nf6 10. h3 fxe4 11. dxe4 O-O 12. Qe1 Nh5 13. f5 gxf5 14. Qh4 fxe4 15. Ng5 Bd4+ 16. Kh1 Nf6 17. Rae1 e6 18. Ncxe4 Nxe4 19. Qxe4 Be5 20. Nf3 Qg7 21. Bc3 1/2-1/2

[Event "Nova Scotia - New Brunswick m"]
[Site "Halifax CAN"]
[Date "1997.05.19"]
[Round "5"]
[White "Howarth, Anthony"]
[Black "Urquhart, Eddie"]
[Result "1/2-1/2"]
[WhiteElo "2256"]
[BlackElo "2214"]
[PlyCount "168"]
[GameId "2160767911965842"]
[EventDate "1997.05.17"]
[EventType "team"]
[EventRounds "5"]
[EventCountry "CAN"]

1. g3 e5 2. Bg2 d6 3. c4 f5 4. d3 Be7 5. Nc3 Nf6 6. Nf3 O-O 7. O-O c6 8. Qc2 Qe8 9. c5 Qh5 10. cxd6 Bxd6 11. e4 f4 12. d4 exd4 13. e5 dxc3 14. exd6 Bg4 15. Qxc3 Nd5 16. Qb3 Nd7 17. Nd4 fxg3 18. hxg3 Qe5 19. Qc4 N7b6 20. Nxc6 Qe6 21. Bxd5 Nxd5 22. Qxd5 bxc6 23. Qxe6+ Bxe6 24. Be3 Bd5 25. f4 Rf6 26. Bc5 Rh6 27. Rfe1 Rd8 28. Kf2 Rh2+ 29. Ke3 Rxb2 30. Kd4 Rc2 31. Rac1 Rxa2 32. Re7 Bf7 33. Rce1 Rd2+ 34. Kc3 Rd5 35. R1e5 Rd1 36. Rxa7 Bd5 37. Rae7 Bf7 38. f5 h5 39. Kc2 R1xd6 40. Bxd6 Rxd6 41. Rc7 Rf6 42. Kc3 g6 43. fxg6 Rxg6 44. Re3 Rd6 45. Kb4 Rf6 46. Kc5 Kg7 47. Rxc6 Rf1 48. Rb6 Rf2 49. Kd4 Rf1 50. Rc3 h4 51. gxh4 Rf4+ 52. Ke5 Rxh4 53. Rg3+ Kf8 54. Rb8+ Ke7 55. Rb7+ Kf8 56. Rf3 Rh5+ 57. Kf6 Rh6+ 58. Kg5 Rh5+ 59. Kg4 Rh7 60. Rf5 Ke8 61. Kf4 Bg6 62. Rb8+ Ke7 63. Rg5 Bf7 64. Ke5 Rh1 65. Rb7+ Ke8 66. Rf5 Bg6 67. Rf4 Rh7 68. Rb6 Bf7 69. Re4 Kd7 70. Rb7+ Kc6 71. Reb4 Rh5+ 72. Kf6 Bd5 73. Rb8 Kc5 74. Rb2 Rh6+ 75. Kg5 Rc6 76. Kf5 Rc7 77. Rc2+ Bc4 78. Rbb2 Rf7+ 79. Ke5 Re7+ 80. Kf6 Rf7+ 81. Kg6 Rf4 82. Rb8 Rd4 83. Kf5 Rd5+ 84. Ke4 Rd4+ 1/2-1/2

[Event "Nova Scotia - New Brunswick m"]
[Site "Halifax CAN"]
[Date "1997.05.19"]
[Round "5"]
[White "Mayo, Alvah"]
[Black "Breau, Robert"]
[Result "1-0"]
[WhiteElo "1889"]
[BlackElo "2053"]
[PlyCount "47"]
[GameId "2160767911965843"]
[EventDate "1997.05.17"]
[EventType "team"]
[EventRounds "5"]
[EventCountry "CAN"]

1. e4 c5 2. Nc3 Nc6 3. f4 g6 4. Nf3 Bg7 5. Bc4 a6 6. a4 d6 7. O-O Bd7 8. d3 e6 9. f5 Nd4 10. Ng5 Nh6 11. fxe6 fxe6 12. Ne2 Nxe2+ 13. Qxe2 Qe7 14. c3 Bf6 15. Nxe6 Bxe6 16. Bxe6 Qxe6 17. Bxh6 Rg8 18. Qf3 Be7 19. Be3 O-O-O 20. Qf7 Qd7 21. Qxh7 Kb8 22. Rf7 Rh8 23. Qxg6 Rh4 24. Rxe7 1-0

[Event "Nova Scotia m"]
[Site "Halifax CAN"]
[Date "1997.01.??"]
[Round "1"]
[White "Urquhart, Eddie"]
[Black "Villeneuve, Robert"]
[Result "1-0"]
[WhiteElo "2197"]
[BlackElo "2200"]
[PlyCount "73"]
[GameId "2160767912007896"]
[EventDate "1997.01.??"]
[EventType "match"]
[EventRounds "6"]
[EventCountry "CAN"]
[SourceTitle "EXT 2003"]
[Source "ChessBase"]
[SourceDate "2002.11.25"]
[SourceVersion "1"]
[SourceVersionDate "2002.11.25"]
[SourceQuality "1"]

1. e4 e6 2. d4 d5 3. e5 c5 4. c3 Qb6 5. a3 a5 6. Nf3 Bd7 7. Be2 Bb5 8. O-O Bxe2 9. Qxe2 Nc6 10. Be3 Nh6 11. Rd1 a4 12. c4 Qa6 13. Nc3 Qxc4 14. Qxc4 dxc4 15. d5 Nd4 16. Bxd4 cxd4 17. Nxd4 Bc5 18. dxe6 O-O 19. exf7+ Rxf7 20. Ne4 Bb6 21. Nf3 Rf4 22. Nd6 Nf5 23. Nxf5 Rxf5 24. Rd7 Ba5 25. Rad1 c3 26. bxc3 Bxc3 27. e6 Re8 28. R1d3 Rb5 29. g3 Bf6 30. R3d6 Rb3 31. Kg2 h6 32. Nd2 Rxa3 33. Rxb7 Ra2 34. Ne4 a3 35. Nxf6+ gxf6 36. Rdd7 Rxe6 37. Rb8+ 1-0

[Event "Nova Scotia m"]
[Site "Halifax CAN"]
[Date "1997.01.??"]
[Round "2"]
[White "Villeneuve, Robert"]
[Black "Urquhart, Eddie"]
[Result "1-0"]
[WhiteElo "2200"]
[BlackElo "2197"]
[PlyCount "73"]
[GameId "2160767912007897"]
[EventDate "1997.01.??"]
[EventType "match"]
[EventRounds "6"]
[EventCountry "CAN"]
[SourceTitle "EXT 2003"]
[Source "ChessBase"]
[SourceDate "2002.11.25"]
[SourceVersion "1"]
[SourceVersionDate "2002.11.25"]
[SourceQuality "1"]

1. e4 e6 2. d4 d5 3. Nc3 Bb4 4. e5 Qd7 5. a3 Bxc3+ 6. bxc3 b6 7. Qg4 f5 8. Qg3 Ba6 9. Bxa6 Nxa6 10. Ne2 Nb8 11. Nf4 Nc6 12. Nxe6 Qxe6 13. Qxg7 Qg6 14. Qxh8 Qxg2 15. Rf1 O-O-O 16. Qxh7 Qe4+ 17. Be3 Nge7 18. O-O-O Qf3 19. Rd3 Rg8 20. Re1 Kb7 21. Qh4 Rg4 22. Bg5 Rxh4 23. Rxf3 Rxh2 24. Rg1 Kc8 25. Bxe7 Nxe7 26. Rg7 Kd8 27. Kd2 Rh1 28. Kd3 c5 29. Kd2 Rh4 30. Ke3 Rh1 31. Rfg3 Rh4 32. Rf7 Re4+ 33. Kd3 Rf4 34. Rgg7 Rxf2 35. dxc5 Rf3+ 36. Ke2 Rh3 37. Rxe7 1-0

[Event "Nova Scotia m"]
[Site "Halifax CAN"]
[Date "1997.01.??"]
[Round "3"]
[White "Urquhart, Eddie"]
[Black "Villeneuve, Robert"]
[Result "1/2-1/2"]
[WhiteElo "2197"]
[BlackElo "2200"]
[PlyCount "66"]
[GameId "2160767912007898"]
[EventDate "1997.01.??"]
[EventType "match"]
[EventRounds "6"]
[EventCountry "CAN"]
[SourceTitle "EXT 2003"]
[Source "ChessBase"]
[SourceDate "2002.11.25"]
[SourceVersion "1"]
[SourceVersionDate "2002.11.25"]
[SourceQuality "1"]

1. e4 e5 2. Nf3 Nc6 3. Bc4 Nf6 4. d3 Be7 5. O-O O-O 6. c3 d6 7. b4 Bg4 8. Qb3 Bxf3 9. gxf3 Nh5 10. Kh1 Bg5 11. Be3 Bf4 12. Bxf4 Nxf4 13. Nd2 Qh4 14. Qd1 Kh8 15. Rg1 Nh3 16. Qe2 Nxg1 17. Rxg1 Ne7 18. Rg4 Qh6 19. f4 exf4 20. Nf3 Ng6 21. d4 Rae8 22. Ng5 Re7 23. Qd3 c6 24. Rg1 Qh4 25. Qf3 f5 26. Bd3 fxe4 27. Bxe4 d5 28. Bc2 Rfe8 29. Nxh7 Nf8 30. Rg4 Qh6 31. Ng5 Ng6 32. Bxg6 Qxg6 33. Qxf4 Kg8 1/2-1/2

[Event "Nova Scotia m"]
[Site "Halifax CAN"]
[Date "1997.01.??"]
[Round "4"]
[White "Villeneuve, Robert"]
[Black "Urquhart, Eddie"]
[Result "1-0"]
[WhiteElo "2200"]
[BlackElo "2197"]
[PlyCount "147"]
[GameId "2160767912007899"]
[EventDate "1997.01.??"]
[EventType "match"]
[EventRounds "6"]
[EventCountry "CAN"]
[SourceTitle "EXT 2003"]
[Source "ChessBase"]
[SourceDate "2002.11.25"]
[SourceVersion "1"]
[SourceVersionDate "2002.11.25"]
[SourceQuality "1"]

1. e4 e6 2. d4 d5 3. Nc3 Nf6 4. e5 Nfd7 5. f4 c5 6. Nf3 Nc6 7. Be3 Be7 8. Bd3 a6 9. O-O f6 10. Ng5 Nf8 11. Qh5+ g6 12. Bxg6+ hxg6 13. Qxh8 fxg5 14. dxc5 g4 15. Rad1 Qa5 16. Bd2 Qxc5+ 17. Kh1 Bd7 18. Be1 O-O-O 19. Bf2 Qa5 20. a3 g5 21. f5 Ng6 22. Qh6 Nh4 23. Bxh4 gxh4 24. f6 Bf8 25. Qxh4 Nxe5 26. f7 Bc6 27. Qf6 d4 28. b4 Qc7 29. Ne2 d3 30. cxd3 Nxd3 31. Qxe6+ Kb8 32. Qe3 Qd6 33. Kg1 Bh6 34. Qxd3 Qxd3 35. Rxd3 Rxd3 36. f8=Q+ Bxf8 37. Rxf8+ Ka7 38. Rf4 Rd2 39. Kf2 Bb5 40. Re4 Ra2 41. Re3 Kb6 42. Ke1 Bxe2 43. Rxe2 Rxa3 44. Re4 g3 45. h4 Ra2 46. Kf1 Rf2+ 47. Kg1 a5 48. bxa5+ Kxa5 49. Rg4 b5 50. Rxg3 Rf4 51. h5 b4 52. h6 Rf8 53. Rg7 Kb6 54. h7 Rh8 55. Kf2 Kc6 56. Ke3 Kd5 57. Kf4 b3 58. Kf5 b2 59. Rb7 Rxh7 60. Rxb2 Rh5+ 61. Kg6 Rh2 62. Rb5+ Ke4 63. g4 Kf4 64. g5 Rh1 65. Kg7 Rh5 66. Kf6 Ke4 67. Rb2 Rh8 68. Kg7 Rc8 69. Rf2 Ke5 70. g6 Ke6 71. Kh7 Rc3 72. Rh2 Kf6 73. g7 Rc7 74. Kh8 1-0

[Event "Nova Scotia m"]
[Site "Halifax CAN"]
[Date "1997.01.??"]
[Round "5"]
[White "Urquhart, Eddie"]
[Black "Villeneuve, Robert"]
[Result "1-0"]
[WhiteElo "2197"]
[BlackElo "2200"]
[PlyCount "75"]
[GameId "2160767912007900"]
[EventDate "1997.01.??"]
[EventType "match"]
[EventRounds "6"]
[EventCountry "CAN"]
[SourceTitle "EXT 2003"]
[Source "ChessBase"]
[SourceDate "2002.11.25"]
[SourceVersion "1"]
[SourceVersionDate "2002.11.25"]
[SourceQuality "1"]

1. e4 e5 2. Nf3 Nf6 3. Bc4 Nxe4 4. d3 Nf6 5. Nxe5 d5 6. Bb3 Bd6 7. d4 O-O 8. O-O Re8 9. Bg5 c5 10. Bxf6 gxf6 11. Ng4 c4 12. Ba4 Nc6 13. Nc3 a6 14. Nxd5 Bxg4 15. Qxg4+ Kh8 16. Bxc6 bxc6 17. Ne3 Rg8 18. Qh4 Rb8 19. Nxc4 Rb4 20. b3 Rb5 21. Nxd6 Qxd6 22. g3 Rbg5 23. Qe4 Rg4 24. f4 h5 25. c3 h4 26. Qf5 Qe6 27. Qxe6 fxe6 28. Kf2 hxg3+ 29. hxg3 R8g7 30. Rh1+ Kg8 31. Rh3 Kf7 32. Re1 Rg8 33. Re3 R4g7 34. Rh5 f5 35. Rh6 Re8 36. Re5 Reg8 37. Rexe6 Rxg3 38. Rhf6+ 1-0

[Event "Nova Scotia op"]
[Site "Halifax CAN"]
[Date "1997.07.19"]
[Round "3"]
[White "Miletic, Damir"]
[Black "Gulati, Justin"]
[Result "0-1"]
[WhiteElo "2198"]
[BlackElo "2016"]
[PlyCount "86"]
[GameId "2160767911932493"]
[EventDate "1997.07.19"]
[EventType "swiss"]
[EventRounds "6"]
[EventCountry "CAN"]

1. d4 Nf6 2. Nf3 g6 3. c4 Bg7 4. Nc3 d6 5. e4 O-O 6. Be2 e5 7. O-O Nc6 8. Be3 h6 9. h3 Nd7 10. Qd2 Kh7 11. dxe5 Ndxe5 12. Nd4 Ne7 13. f4 N5c6 14. f5 Nxd4 15. Bxd4 Nc6 16. Bxg7 Kxg7 17. fxg6 fxg6 18. Rxf8 Qxf8 19. Rf1 Qd8 20. Qf4 Be6 21. Bg4 Bxc4 22. Be2 Be6 23. Bg4 Bc4 24. Be2 Bxe2 25. Qf7+ Kh8 26. Nxe2 Ne5 27. Qb3 b6 28. Nd4 Qe7 29. Qc3 Kh7 30. Nb5 c6 31. Nd4 c5 32. Nf3 Rf8 33. Rd1 Nxf3+ 34. gxf3 h5 35. Rd5 Qe6 36. Kh2 Qf7 37. Kg2 Qf4 38. h4 Rf6 39. Qd3 c4 40. Qc3 Qxh4 41. Qxc4 Qf4 42. Qd3 h4 43. e5 Qg3+ 0-1

[Event "Nova Scotia op"]
[Site "Halifax CAN"]
[Date "1997.07.20"]
[Round "4"]
[White "Gulati, Justin"]
[Black "Mayo, Alvah"]
[Result "1/2-1/2"]
[WhiteElo "2016"]
[BlackElo "2025"]
[PlyCount "62"]
[GameId "2160767911932494"]
[EventDate "1997.07.19"]
[EventType "swiss"]
[EventRounds "6"]
[EventCountry "CAN"]

1. e4 d6 2. d4 Nf6 3. Bd3 c5 4. c3 cxd4 5. cxd4 Nc6 6. Ne2 Qb6 7. Nbc3 Bd7 8. Be3 Ng4 9. Nd5 Nxe3 10. Nxb6 Nxd1 11. Nxa8 Nxb2 12. Bb5 Nb4 13. Kd2 Kd8 14. Bxd7 Kxd7 15. Rab1 N4d3 16. Nc1 Nxf2 17. Rxb2 Nxh1 18. Nd3 g6 19. Ke2 Bg7 20. Rxb7+ Kc6 21. Rc7+ Kb5 22. Rxa7 Bxd4 23. a4+ Kc4 24. Rc7+ Kb3 25. Rb7+ Kxa4 26. Nc7 e5 27. Nb5 Rc8 28. Nxd4 exd4 29. Kd2 f5 30. exf5 gxf5 31. Rb4+ Ka5 1/2-1/2

[Event "Nova Scotia op"]
[Site "Halifax CAN"]
[Date "1997.07.20"]
[Round "6"]
[White "Mayo, Alvah"]
[Black "Saunders, Steve"]
[Result "0-1"]
[WhiteElo "1928"]
[BlackElo "1926"]
[PlyCount "134"]
[GameId "2160767911932495"]
[EventDate "1997.07.19"]
[EventType "swiss"]
[EventRounds "6"]
[EventCountry "CAN"]

1. d4 f5 2. c4 Nf6 3. Nc3 d6 4. Nf3 g6 5. e3 Bg7 6. Bd3 c6 7. Qa4 Na6 8. b4 Bd7 9. c5 Nc7 10. Bd2 b5 11. cxb6 axb6 12. Qc2 O-O 13. O-O Qe8 14. Rab1 e5 15. dxe5 dxe5 16. Bc4+ Be6 17. Nxe5 Nfd5 18. Nf3 Nxc3 19. Bxe6+ Qxe6 20. Bxc3 Rxa2 21. Rb2 Rfa8 22. Bxg7 Kxg7 23. Nd4 Qd5 24. Rxa2 Rxa2 25. Qc3 Kh6 26. h3 Nb5 27. Qxc6 Qxc6 28. Nxc6 Rb2 29. Rd1 Nc3 30. Rd6 Rb1+ 31. Kh2 Ne4 32. Rd7 Nxf2 33. Rb7 Rh1+ 34. Kg3 Ne4+ 35. Kf4 Nc3 36. Ne7 Rf1+ 37. Ke5 Rf2 38. Rxb6 Kg5 39. Rc6 Nd1 40. Nd5 Rb2 41. Kd6 Rd2 42. Kc5 Rxg2 43. b5 Rc2+ 44. Kd6 Rd2 45. Ke6 Nxe3 46. Nxe3 Re2 47. b6 Rxe3+ 48. Kd7 Rxh3 49. b7 Rb3 50. Kc7 Rxb7+ 51. Kxb7 f4 52. Rc7 h5 53. Kc6 f3 54. Kd5 Kf4 55. Kd4 g5 56. Rf7+ Kg3 57. Ke3 g4 58. Kd2 h4 59. Ke1 Kg2 60. Rf4 g3 61. Kd2 f2 62. Ke2 h3 63. Ke3 f1=Q 64. Rxf1 Kxf1 65. Kf3 g2 66. Ke4 g1=Q 67. Kf5 h2 0-1

[Event "O'Keefe"]
[Site "Ottawa CAN"]
[Date "1997.09.18"]
[Round "2"]
[White "Palsson, Halldor"]
[Black "Pacey, Kevin"]
[Result "0-1"]
[WhiteElo "2096"]
[BlackElo "2314"]
[PlyCount "46"]
[GameId "2160767911932072"]
[EventDate "1997.09.11"]
[EventType "swiss"]
[EventRounds "8"]
[EventCountry "CAN"]

1. d4 d6 2. c4 e5 3. d5 f5 4. Nc3 Nf6 5. g3 g6 6. Bg2 Bg7 7. Nf3 O-O 8. O-O h6 9. Qc2 g5 10. e4 f4 11. Ne1 Nh5 12. Qd1 g4 13. gxf4 exf4 14. f3 g3 15. hxg3 Nxg3 16. Rf2 Qh4 17. Nc2 Be5 18. Bd2 Rf7 19. Be1 Bh3 20. Qd3 Rg7 21. Rd1 Bxg2 22. Rxg2 Qh1+ 23. Kf2 Nxe4+ 0-1

[Event "Ontario High School ch"]
[Site "Waterloo CAN"]
[Date "1997.05.11"]
[Round "4"]
[White "Lou Meng"]
[Black "Allen, Graham"]
[Result "0-1"]
[WhiteElo "2262"]
[BlackElo "2193"]
[PlyCount "88"]
[GameId "2160767911966085"]
[EventDate "1997.05.10"]
[EventType "swiss"]
[EventRounds "5"]
[EventCountry "CAN"]
[SourceTitle "CFC 1997.08"]

1. d4 d5 2. c4 dxc4 3. e4 Nf6 4. e5 Nd5 5. Bxc4 Nb6 6. Bb3 Nc6 7. Ne2 Bg4 8. f3 Bf5 9. Be3 e6 10. Nbc3 Qd7 11. Qd2 Na5 12. Bd1 Nac4 13. Qc1 Nxe3 14. Qxe3 Be7 15. Bb3 O-O 16. Rd1 c6 17. g4 Bg6 18. h4 h6 19. g5 Qd8 20. f4 Bf5 21. Kf2 Nd5 22. Qg3 h5 23. Nxd5 cxd5 24. Rc1 Qb6 25. Qe3 Rfc8 26. Nc3 Qb4 27. Kg3 a5 28. Bxd5 Qxb2 29. Bb3 Bb4 30. Na4 Bd2 31. Rxc8+ Rxc8 32. Qf2 Rc3+ 33. Nxc3 Qxc3+ 34. Qf3 Be1+ 35. Rxe1 Qxe1+ 36. Qf2 Qc3+ 37. Qf3 Qxd4 38. Qxb7 Be4 39. Qc8+ Kh7 40. Qc1 Qd3+ 41. Kf2 Qf3+ 42. Ke1 Bd3 43. Qb2 Qxf4 44. Bc2 Qe3+ 0-1

[Event "Ontario ch"]
[Site "Toronto CAN"]
[Date "1997.09.28"]
[Round "1"]
[White "Jung, Hans"]
[Black "Nickoloff, Bryon"]
[Result "1/2-1/2"]
[WhiteElo "2298"]
[BlackElo "2498"]
[PlyCount "43"]
[GameId "2160767911931970"]
[EventDate "1997.09.28"]
[EventType "tourn"]
[EventRounds "9"]
[EventCountry "CAN"]

1. Nf3 Nf6 2. g3 d5 3. Bg2 c6 4. O-O Bf5 5. d3 e6 6. Nbd2 h6 7. b3 Be7 8. Bb2 O-O 9. Ne5 Nbd7 10. e4 Bh7 11. Qe2 Nxe5 12. Bxe5 Re8 13. Bb2 a5 14. a3 Qb6 15. Rae1 Nd7 16. Kh1 Bf6 17. Bxf6 Nxf6 18. f4 Qc5 19. Nb1 Rad8 20. e5 Nd7 21. Qf2 Qxf2 22. Rxf2 1/2-1/2

[Event "Ontario ch"]
[Site "Toronto CAN"]
[Date "1997.09.28"]
[Round "1"]
[White "McTavish, David"]
[Black "Dougherty, Michael"]
[Result "1/2-1/2"]
[WhiteElo "2200"]
[BlackElo "2313"]
[PlyCount "49"]
[GameId "2160767911931972"]
[EventDate "1997.09.28"]
[EventType "tourn"]
[EventRounds "9"]
[EventCountry "CAN"]

1. e4 e5 2. f4 exf4 3. Nf3 Nc6 4. d4 d5 5. e5 g5 6. Bb5 g4 7. Ng1 Qh4+ 8. Kf1 Bh6 9. Nc3 Be6 10. g3 fxg3 11. Kg2 Bxc1 12. hxg3 Qg5 13. Qxc1 Qxc1 14. Bxc6+ bxc6 15. Rxc1 Rb8 16. b3 Ne7 17. Na4 Nf5 18. Ne2 h5 19. Nc5 Ke7 20. c3 h4 21. gxh4 Nxh4+ 22. Kg3 Nf5+ 23. Kf4 Nh4 24. Kg3 Nf5+ 25. Kf4 1/2-1/2

[Event "Ontario ch"]
[Site "Toronto CAN"]
[Date "1997.09.28"]
[Round "1"]
[White "Teodoro, Eduardo"]
[Black "Ochkoos, Jura"]
[Result "1-0"]
[WhiteElo "2435"]
[BlackElo "2426"]
[PlyCount "63"]
[GameId "2160767911931973"]
[EventDate "1997.09.28"]
[EventType "tourn"]
[EventRounds "9"]
[EventCountry "CAN"]

1. e4 e5 2. Nf3 Nc6 3. Nc3 d6 4. h3 g6 5. d4 Bg7 6. d5 Nce7 7. g4 Nf6 8. Be3 h5 9. g5 Nd7 10. Qd2 O-O 11. Be2 a6 12. a4 b6 13. Rg1 Bb7 14. Nh4 Nc8 15. Nf5 Ne7 16. Nxg7 Kxg7 17. f4 exf4 18. Bd4+ Ne5 19. Qxf4 Nc8 20. Bxe5+ dxe5 21. Qxe5+ Kg8 22. O-O-O Re8 23. Qf4 Qe7 24. Bxh5 gxh5 25. g6 f6 26. g7 Nd6 27. Qh6 Nf7 28. Qxh5 b5 29. Rdf1 bxa4 30. Rf4 a3 31. Rh4 axb2+ 32. Kb1 1-0

[Event "Ontario ch"]
[Site "Toronto CAN"]
[Date "1997.09.28"]
[Round "1"]
[White "Zugic, Igor"]
[Black "Teodoro, Roderick"]
[Result "1-0"]
[WhiteElo "2347"]
[BlackElo "2269"]
[PlyCount "73"]
[GameId "2160767911931974"]
[EventDate "1997.09.28"]
[EventType "tourn"]
[EventRounds "9"]
[EventCountry "CAN"]

1. d4 Nf6 2. Nf3 d5 3. c4 e6 4. Nc3 Be7 5. Bg5 O-O 6. e3 c6 7. Rc1 Nbd7 8. Bd3 Re8 9. O-O Nf8 10. Ne5 N6d7 11. Bf4 Nxe5 12. Bxe5 Bd6 13. Bxd6 Qxd6 14. c5 Qe7 15. e4 b6 16. Na4 b5 17. Nc3 a5 18. Re1 Qd8 19. e5 b4 20. Ne2 Ba6 21. Bb1 Bxe2 22. Qxe2 Qh4 23. g3 Qh6 24. f4 f6 25. exf6 gxf6 26. Qf2 e5 27. dxe5 fxe5 28. fxe5 Rxe5 29. Rxe5 Qxc1+ 30. Re1 Qh6 31. Re7 Ng6 32. Qf7+ Kh8 33. Qf6+ Kg8 34. Bf5 Qc1+ 35. Kg2 Qd2+ 36. Kh3 Qh6+ 37. Kg4 1-0